000 00492nam a2200193 a 4500
001 1754983874848
003 ACL
005 20250812130400.0
008 250812s2010##################000#0#eng##
020 _a9781848660656
082 0 4 _a720
_bWIL
100 1 _aWilkinson, Philip,
_eauthor.
245 1 0 _a50 Architecture Ideas You Really Need to Know :
260 _bQuercus Books,
_c2010.
300 _a208 pages
650 0 _aArchitecture.
942 _cENGLISH
040 _aACL
_beng
_cACL
999 _c581296
_d581296